000
00237nam a22000977a 4500
999
_c
16191
_d
16191
003
OSt
008
200617b ||||| |||| 00| 0 eng d
100
_a
Aldous Huxley
_9
4610
245
_a
Adonis and the alphabet: and other essays
942
_c
BK